Online Catalogue and eLibrary

Ugath Padam ha Prathisandanaya Pilibanda komisame Nirdesha (LLRC) (Record no. 5796)

MARC details
000 -LEADER
fixed length control field 00492nam a2200157Ia 4500
005 - DATE AND TIME OF LATEST TRANSACTION
control field 20250620015416.0
008 - FIXED-LENGTH DATA ELEMENTS--GENERAL INFORMATION
fixed length control field 240331s9999 xx 000 0 und d
020 ## - INTERNATIONAL STANDARD BOOK NUMBER
ISBN 9789551655877
082 ## - DDC Classification
Item Number - Author Mark LLR
Class No. 323
245 #0 - TITLE STATEMENT
Title Ugath Padam ha Prathisandanaya Pilibanda komisame Nirdesha (LLRC)
260 ## - PUBLICATION, DISTRIBUTION, ETC.
Place of publication, distribution, etc. Colombo
Name of publisher, distributor, etc. CPA
Date of publication, distribution, etc. 2012
300 ## - PHYSICAL DESCRIPTION
Extent (e.g. Volumes, Pages etc.) viii. 144 p .,
500 ## - GENERAL NOTE
General note Recommendations of the Commission on Lesson learned on reconciliation commission
700 ## - ADDED ENTRY--PERSONAL NAME
Personal name Punchiheva,S.A.
Relator term (Role) Editor
942 ## - Koha item type (Biblio)
Koha item type Books in Stacks (Lending)
Holdings
Lost status Damaged status Collection code Home library Current library Shelving location Date acquired Full call number Accession Number Item type
    Lending WERC Library WERC Library Social Science Cupboard 03/31/2024 323.334 LLR 6754 Books in Stacks (Lending)

© WERC Library